LEADER 01493nam 2200361 n 450 001 996383882203316 005 20221108051531.0 035 $a(CKB)1000000000580034 035 $a(EEBO)2240849652 035 $a(UnM)99850547 035 $a(EXLCZ)991000000000580034 100 $a19920309d1579 uh | 101 0 $aeng 135 $aurbn||||a|bb| 200 10$aBy the Queene. Although her Maiestie hath had so good proofe of Gods singular goodnes, in the continual preseruation of her from his first setting of her in the Crowne ..$b[electronic resource] 210 $a[Imprinted at London $cBy Christopher Barker, printer to the Queenes Maiestie$d[1579]] 215 $a2 leaves 300 $aImprint from colophon; publication date suggested by STC. 300 $aSuppressing John Stubbe's "Gaping gulf" (STC 23400). 300 $aReproduction of the original in the Bodleian Library. 330 $aeebo-0014 606 $aProhibited books$zEngland$vEarly works to 1800 607 $aEngland$xProclamations$vEarly works to 1800 615 0$aProhibited books 701 $aElizabeth$cQueen of England,$f1533-1603.$0996842 801 0$bCu-RivES 801 1$bCu-RivES 801 2$bCStRLIN 801 2$bWaOLN 906 $aBOOK 912 $a996383882203316 996 $aBy the Queene. Although her Maiestie hath had so good proofe of Gods singular goodnes, in the continual preseruation of her from his first setting of her in the Crowne .$92331611 997 $aUNISA LEADER 01305nas#-22003851i-450- 001 990005567800203316 005 20010829120000.0 035 $a000556780 035 $aUSA01000556780 035 $a(ALEPH)000556780USA01 035 $a000556780 100 $a20010829a1975-------|0enac50------ba 101 $aeng 102 $aGB 105 $a||||Z 1|||| 110 $aaq||||||||| 200 1 $a<> Journal of economic history$fRondo Cameron, Louis Galambos 210 $dNelden : Kra us Reprint - v. ; 24 c 300 $aTrimestrale 300 $aDescrizione basata su: Vol. 35, number 1(March 1975) 702 1$aCAMERON,$bRondo 702 1$aGALAMBOS,$bLouis 801 $aIT$bSOL$c20120104 899 $aDIP.TO SCIENZE ECONOMICHE - (SA)$2USADS$4Vol. 35, number 1(March 1975)- vol. 38, number 4(December 1978) 912 $a990005567800203316 950 $aDIP.TO SCIENZE ECONOMICHE - (SA)$bDS Vol. 35, number 1(March 1975)- vol. 38, number 4(December 1978)$dDS JOUE .$e6739 DISES 958 $aDISES$bJOUE .$d1504 DISES 959 $aSE 959 $aDISES$bJOUE .$d1504 DISES 959 $aDISES$bPER jou 1996$d6739 DISES 969 $aDISES 979 $c20121027$lUSA01$h1533 979 $c20121027$lUSA01$h1614 996 $aJournal of economic history$9649941 997 $aUNISA LEADER 04075nam 2200949z- 450 001 9910585938603321 005 20220812 035 $a(CKB)5600000000483096 035 $a(oapen)https://directory.doabooks.org/handle/20.500.12854/91230 035 $a(oapen)doab91230 035 $a(EXLCZ)995600000000483096 100 $a20202208d2022 |y 0 101 0 $aeng 135 $aurmn|---annan 181 $ctxt$2rdacontent 182 $cc$2rdamedia 183 $acr$2rdacarrier 200 00$aHybrid Systems for Marine Energy Harvesting 210 $aBasel$cMDPI - Multidisciplinary Digital Publishing Institute$d2022 215 $a1 online resource (182 p.) 311 08$a3-0365-4627-8 311 08$a3-0365-4628-6 330 $aTechnologies to harvest marine renewable energies (MREs) are at a pre-commercial stage, and significant R&D progress is still required in order to improve their competitiveness. Therefore, hybridization presents a significant potential, as it fosters synergies among the different harvesting technologies and resources. In the scope of this Special Issue, hybridization is understood in three different manners: (i) combination of technologies to harvest different MREs (e.g., wave energy converters combined with wind turbines); (ii) combination of different working principles to harvest the same resource (e.g., oscillating water column with an overtopping device to harvest wave energy); or (iii) integration of harvesting technologies in multifunctional platforms and structures (e.g., integration of wave energy converters in breakwaters). This Special Issue presents cutting-edge research on the development and testing of hybrid technologies for harvesting MREs and intends to inform interested readers on the most recent advances in this key topic. 606 $aHistory of engineering and technology$2bicssc 606 $aTechnology: general issues$2bicssc 610 $aadded mass 610 $aarbitrary shape 610 $abreakwater 610 $abreakwaters 610 $acalibration 610 $aCECO 610 $aco-located wind-wave farm 610 $acomposite modelling approach 610 $aComputational Fluid Dynamics (CFD) modelling 610 $adamping coefficient 610 $adiffraction and radiation problem 610 $aexperimental research 610 $aexperimental set-up 610 $aexperimental testing 610 $ahybrid energy systems 610 $aHybrid-Wave Energy Converter (HWEC) 610 $ahydrodynamic characteristics 610 $amarine renewable energy 610 $amulti-purpose breakwater 610 $an/a 610 $aoffshore wind energy 610 $aoscillating buoy 610 $aOscillating Water Column (OWC) 610 $aovertopping 610 $aOvertopping Device (OTD) 610 $aphysical model testing 610 $aphysical modelling 610 $apower generation performance 610 $apower take-off damping 610 $aPTO simulator 610 $aresource assessment 610 $asafety 610 $asolar energy 610 $astability 610 $astanding waves 610 $auncertainty analysis 610 $avertical axisymmetric floaters 610 $awave energy 610 $awave energy testing 610 $awave power 610 $awave power device 610 $awind energy 610 $aWindFloat Atlantic 615 7$aHistory of engineering and technology 615 7$aTechnology: general issues 700 $aRosa-Santos$b Paulo Jorge$4edt$01318510 702 $aTaveira Pinto$b Francisco$4edt 702 $aLo?pez Gallego$b Mario$4edt 702 $aRodri?guez Castillo$b Claudio Alexis$4edt 702 $aRosa-Santos$b Paulo Jorge$4oth 702 $aTaveira Pinto$b Francisco$4oth 702 $aLo?pez Gallego$b Mario$4oth 702 $aRodri?guez Castillo$b Claudio Alexis$4oth 906 $aBOOK 912 $a9910585938603321 996 $aHybrid Systems for Marine Energy Harvesting$93033345 997 $aUNINA